Borussia Mönchengladbach Squad 2018-2019 - Statistics

General Stats
  • This quiz has been taken 20 times
  • The average score is 16 of 31
Answer Stats
# Position Nation Player % Correct
1 GK Switzerland Yann Sommer
100%
30 DF Switzerland Nico Elvedi
95%
14 FW France Alassane Pléa
85%
10 FW Belgium Thorgan Hazard
85%
11 FW Brazil Raffael
80%
6 MF Germany Christoph Kramer
75%
8 MF Switzerland Denis Zakaria
75%
32 MF Germany Florian Neuhaus
70%
17 DF Sweden Oscar Wendt
70%
7 FW Germany Patrick Herrmann
70%
13 FW Germany Lars Stindl
65%
21 GK Germany Tobias Sippel
65%
23 MF Germany Jonas Hofmann
60%
19 FW United States Fabian Johnson
55%
16 FW Guinea Ibrahima Traoré
55%
22 MF Slovakia László Bénes
55%
24 DF Germany Tony Jantschke
55%
- Coach Germany Dieter Hecking
50%
28 DF Germany Matthias Ginter
50%
35 GK Germany Moritz Nicolas
50%
3 DF Switzerland Michael Lang
40%
27 MF France Michaël Cuisance
35%
40 DF Denmark Andreas Poulsen
30%
37 FW England Keanan Bennetts
30%
5 MF Germany Tobias Strobl
30%
20 FW Paraguay Julio Villalba
25%
29 DF France Mamadou Doucouré
25%
15 DF Germany Jordan Beyer
20%
18 FW Switzerland Josip Drmić
20%
26 FW Germany Torben Müsel
10%
42 DF Germany Florian Mayer
5%
No matching quizzes found
Score Distribution
Percent of People with Each Score
Percentile by Number Answered
Your Score History
You have not taken this quiz